• 首页
  • 本馆介绍
  • 公告通知
  • 最新文献
  • 馆藏检索
  • 电子资源
  • 读者导购
  • 参考咨询
  • 我的图书馆
  • 登录
  • 详细信息显示
  • 放入我的书架
  • 预约/预借图书
  • 作者相关作品
  • 分类相关作品
  • 丛书相关作品
  • 出版社相关作品

书目信息

  • 表格格式
  • 工作单格式
  • 卡片格式
题名:
八十年代中国经济问题
    
 
作者: 许涤新 著
分册:  
出版信息: 北京   中国社会科学出版社  1980
页数: 87页
开本: 19cm
丛书名:
单 册:
中图分类: F120.2
科图分类:
主题词: 经济--研究--中国--八十年代
电子资源:
ISBN:
000 00670nam0 2200229 45
001 0180007991
005 20060724151028.09
010    @dCNY0.32
091    @aCN@b4190.044
100    @a19950627d1980 em y0chiy0121 ea
101 0  @achi
102    @aCN@b110000
105    @ay z 000yy
200 10 @a八十年代中国经济问题@Aba shi nian dai zhong guo jing ji wen ti@e在香港的“八十年代中国经济研讨会”上的报告@f许涤新著
210    @a北京@c中国社会科学出版社@d1980
215    @a87页@d19cm
606    @a经济@x研究@y中国@z八十年代
690    @aF120.2@v3
701  0 @a许涤新@Axu di xin@4著
801  2 @aCN@bNLC@c20060724
801  0 @aCN@bTSSF
905    @a10447@dF120.2@e142
    
    八十年代中国经济问题:在香港的“八十年代中国经济研讨会”上的报告/许涤新著.-北京:中国社会科学出版社,1980
    87页;19cm
    
    
    ISBN :CNY0.32
    
●
相关链接 在E读中查询图书 在五车中查询图书 在当当中查询图书 在豆瓣中查询图书


正题名:八十年代中国经济问题     索取号:F120.2/142         预约/预借

序号 登录号 条形码 馆藏地/架位号 状态 备注
1 0425788   204257883   密集书库/ [索取号:F120.2/142] 在馆    
唐山师范学院图书馆 欢迎您!
大连网信软件有限公司© 版权所有